15 Largest Cities in Cambodia🇰🇭 - Statistics

General Stats
  • This quiz has been taken 28 times
  • The average score is 5 of 15
Answer Stats
Population City % Correct
1.5 mil Phnom Penh
100%
139k Siem Reap
76%
150k Battambang
52%
156k Sihanoukville
48%
61k Kampong Cham
43%
52k Pursat
38%
75k Kampong Chhnang
33%
33k Kampong Speu
33%
52k Ta Khmau
33%
843k Takeo
29%
33k Prey Veng
24%
33k Koh Kong
19%
79k Paoy Paet
5%
30k Suong
5%
44k Phumi Veal Sre
0%
No matching quizzes found
Score Distribution
Percent of People with Each Score
Percentile by Number Answered
Your Score History
You have not taken this quiz